Cuentos duplicados /
Con frecuencia, el espejo nos sorprende con una imagen que nos desconcierta. En ocasiones, nos inquieta saber de alguien que se nos parece demasiado. ¿Quiénes son esos "otros"? ¿Imágenes duplicadas, sombras, fantasmas...? ¿Qué hacer cuando nuestra identidad se ve amenazada? La literatura f...
Guardado en:
| Autor Principal: | |
|---|---|
| Otros Autores: | , , , , , , , |
| Formato: | Libro |
| Idioma: | Undetermined |
| Publicado: |
Buenos Aires :
Cántaro,
2005.
|
| Edición: | 1a ed. |
| Series: | Del Mirador ;
180 |
| Materias: | |
| Etiquetas: |
Agregar Etiqueta
Sin Etiquetas, Sea el primero en etiquetar este registro!
|
| LEADER | 03643nam a22003135a 4500 | ||
|---|---|---|---|
| 001 | CEM.cems024917 | ||
| 008 | 251006s2005####ag#######b####000#0#und#d | ||
| 005 | 20251006154056.0 | ||
| 245 | 1 | 0 | |a Cuentos duplicados / |c Compilado por Roberto Faggiani y Héctor Roque Pitt. |
| 250 | |a 1a ed. | ||
| 260 | |a Buenos Aires : |b Cántaro, |c 2005. | ||
| 300 | |a 156 p. | ||
| 490 | 1 | |a Del Mirador ; |v 180 | |
| 520 | |a Con frecuencia, el espejo nos sorprende con una imagen que nos desconcierta. En ocasiones, nos inquieta saber de alguien que se nos parece demasiado. ¿Quiénes son esos "otros"? ¿Imágenes duplicadas, sombras, fantasmas...? ¿Qué hacer cuando nuestra identidad se ve amenazada? La literatura fantástica siempre ha jugado con las duplicaciones y con las multiplicaciones del yo; del mismo modo en que la psicología ha teorizado acerca de los símbolos culturales de la dualidad y del inconsciente humano. La cuestión del doble es una temática favorita de la literatura fantástica. La encontramos tanto en el siglo IX: en la magistral pluma de H. C. Andersen y Edgar A. Poe, como en el siglo XX: en la tersa escritura de los europeos Unamuno y Papini; y en la prosa más cercana y familiar de Jorge L. Borges, Julio Cortázar y Manuel Mujica Láinez. Una formidable selección de cuentos duplicados para una antología única. | ||
| 505 | 0 | |a PUERTAS DE ACCESO -- Cuentos con dos caras -- Dualidad y unidad en la mitología -- El tema del doble en la literatura fantástica -- Las multiplicaciones del yo -- Los espejos serenos -- Los espejos violentos -- Los espejos inquietantes -- Los espejos juguetones -- Final con espejo -- LA OBRA: Cuentos duplicados -- El otro / Jorge Luis Borges -- Dos imágenes en un estanque / Giovanni Papini -- William Wilson / Edgar Allan Poe -- El que se enterró / Miguel de Unamuno -- La galera / Manuel Mujica Láinez -- Lejana / Julio Cortázar -- La sombra / Hans Christian Andersen -- MANOS A LA OBRA -- A. Espejos serenos, espejos violentos -- La vacilación de lo fantástico -- Las relaciones entre el protagonista y su doble -- Espacios y atmósferas fantásticos -- Tiempo: las relaciones pasado / presente / futuro -- Las redes de la intertextualidad -- Heráclito: no nos bañamos dos veces en las mismas aguas -- Ovidio: ahora, los dos moriremos en un mismo aliento -- Conflictos entre dobles -- Símbolos de la representación: el agua y el espejo -- Producción de textos duplicados -- B. Espejos inquietantes y espejos juguetones -- La vacilación de lo fantástico -- La existencia del doble -- Conflictos entre dobles -- Narradores en espejo -- Símbolos de la representación: la sombra -- Producción de textos duplicados -- C. Espejos comparados -- El juego de los dobles -- La psicología del doble -- D. Espejos creativos -- Del texto literario al guión cinematográfico -- Del texto literario a la puesta en escena -- La temática del doble en el periodismo -- CUARTO DE HERRAMIENTAS -- Biografías -- El mito del andrógino -- Los espejos y sus duplicaciones -- Duplicaciones en la pintura contemporánea -- El cine y la temática del doble -- Poe en imágenes | |
| 504 | |a Bibliografía p. 156. | ||
| 020 | |a 9507531637 | ||
| 100 | 1 | |a Faggiani, Roberto; comp. | |
| 700 | 1 | |a Roque Pitt, Héctor; comp. | |
| 700 | 1 | |a Borges, Jorge Luis. | |
| 700 | 1 | |a Papini, Giovanni. | |
| 700 | 1 | |a Poe, Edgar Allan. | |
| 700 | 1 | |a Unamuno, Miguel de. | |
| 700 | 1 | |a Mujica Láinez, Manuel. | |
| 700 | 1 | |a Cortázar, Julio. | |
| 700 | 1 | |a Andersen, Hans Christian. | |
| 653 | |a Antología literaria | ||
| 653 | |a Literatura | ||
| 859 | |a CEMS |b BIB. CEMS - 11 de abril |h 808.8 |i F154 |p 30412.25 |t Ej.1 | ||
